| 000 | 00363 a2200109 4500 | ||
|---|---|---|---|
| 001 | ART_63258 | ||
| 005 | 20260410161750.0 | ||
| 008 | 260409a | ||
| 245 | 1 | 0 | _aEl depósito previo y las multas: se modifica el escenario a partir de ley bases |
| 100 | 1 | _aCondoleo, Roberto O. | |
| 773 | 0 |
_tDoctrina laboral _g- Nº 471 (ago./sep. 2025) _wREV4049 |
|
| 999 |
_c19562 _d19562 |
||